Diagnóstico de motores eléctrico en la pequeña industria de Costa Rica.

Na minha lista:
Detalhes bibliográficos
Autor principal: Andre Tinoco, Alex
Outros Autores: Guzmán Ramírez, Roy
Formato: Livro
Publicado em: 1988
Assuntos:
Tags: Adicionar Tag
Sem tags, seja o primeiro a adicionar uma tag!

MARC

LEADER 00000nam a2200000Ia 4500
003 004654
005 20221231144343.0
008 140114s1988 cr a m 000 ||s d
040 |c cru CEDI 
090 |a TFG 2128 
100 |a Andre Tinoco, Alex  |9 12976 
245 |a Diagnóstico de motores eléctrico en la pequeña industria de Costa Rica. 
260 |c 1988 
300 |a  40 hojas : ilustraciones ; 28 cm  
500 |a Proyecto de graduación (bachillerato en ingeniería eléctrica)--Universidad de Costa Rica. Facultad de Ingeniería. Escuela de Ingeniería Eléctrica 
650 |x MOTORES ELECTRICOS   |x EQUIPO INDUSTRIAL  |9 13541 
700 |9 8998  |a Guzmán Ramírez, Roy 
942 |c TFG 
999 |c 20610  |d 20610